| 000 | 01067nam a2200265 i 4500 | ||
|---|---|---|---|
| 001 | 161737 | ||
| 003 | ES-MaACL | ||
| 005 | 20250825000748.0 | ||
| 008 | 950426s1864 sp a |||| | spa d | ||
| 040 | _cES-MaACL | ||
| 100 | 1 |
_aPereda y Martínez, Sandalio de, _990459 _d1822-1886 _eaut |
|
| 245 | 1 | 0 |
_aPrograma razonado de un curso de historia natural / _cpor Sandalio de Pereda y Martínez. |
| 250 | _a3ª ed., corr. e il. con 347 grabados. | ||
| 260 |
_aMadrid : _b[s.n.], _c1864 _f(Imp. de Alejandro Gómez Fuentenebro) |
||
| 300 |
_a288 páginas : _bilustraciones ; _c21 cm. |
||
| 500 | _aObra de texto para 2ª enseñanza | ||
| 530 | _aDisponible en formato digital | ||
| 650 | 0 | 4 |
_aCiencias naturales- _vLibros escolares. _9169883 |
| 655 | 7 |
_2tgfbne _aLibros de texto _9226790 |
|
| 852 |
_aES-MaACL _cSPAL _jC-2970 _xHolandesa |
||
| 856 |
_uhttp://bdh-rd.bne.es/viewer.vm?id=0000077014&page=1 _yVersión en línea _z(Biblioteca Digital Hispánica) |
||
| 942 |
_cMONANT _n0 |
||
| 999 |
_c161737 _d161737 |
||